[Event "IND-ch U15"]
[Site "Mumbai"]
[Date "2009.11.01"]
[Round "1"]
[White "Sri, Sai Saran N"]
[Black "Vidit, Santosh Gujrathi"]
[Result "0-1"]
[WhiteElo "1692"]
[BlackElo "2459"]
[PlyCount "60"]
[EventDate "2009.11.01"]
[EventType "swiss"]
[EventRounds "11"]
[EventCountry "IND"]
[SourceTitle "EXT 2011"]
[Source "ChessBase"]
[SourceDate "2010.11.26"]
[SourceVersion "1"]
[SourceVersionDate "2010.11.26"]
[SourceQuality "1"]

1. e4 c5 2. Nf3 d6 3. d4 cxd4 4. Nxd4 Nf6 5. Nc3 Nc6 6. Be3 Ng4 7. Bc1 Qb6 8. Bb5 Bd7 9. Bxc6 bxc6 10. 0-0 g6 11. h3 Nf6 12. Be3 Qxb2 13. Qd2 Qb8 14. f4 Bg7 15. Rae1 0-0 16. g4 c5 17. Nb3 Bc6 18. Bf2 a5 19. Nd5 Nxd5 20. exd5 Bb5 21. Nxa5 Bxf1 22. Nc6 Qb2 23. Nxe7+ Kh8 24. Rxf1 Rfe8 25. Bh4 Qd4+ 26. Qxd4 Bxd4+ 27. Kh1 g5 28. fxg5 Rxe7 29. g6 Rd7 30. gxf7 Kg7 0-1